Die Fabrikation der Papiermaché- und Papierstoff-Waaren /

Uložené v:
Podrobná bibliografia
Hlavný autor: Andés, Louis Edgar, 1848-1925 (Author)
Médium: Kniha
Jazyk:German
Vydané: Wien ; Leipzig : A. Hartleben, 1900.
Edícia:Chemisch-technische Bibliothek 239
Témy:
ISBN: (viaz.)
Fyzický popis: xvi, 366 s. : il.
Tagy: Pridať tag
Žiadne tagy, Buďte prvý kto otaguje tento záznam!

MARC

LEADER 00000nam a2200000 a 4500
001 000463565
005 20150411111309.0
008 070801s1900 au f ger d
020 |a (viaz.)  |c Kčs 18,00 
040 |a SVKKK  |b slo  |c SVKKK  |e AACR2 
041 0 |a ger 
044 |a au  |c AT 
100 1 |a Andés, Louis Edgar,  |d 1848-1925  |4 aut 
245 1 4 |a Die Fabrikation der Papiermaché- und Papierstoff-Waaren /  |c von Louis Edgar Andés. 
260 |a Wien ;  |a Leipzig :  |b A. Hartleben,  |c 1900. 
300 |a xvi, 366 s. :  |b il. 
490 1 |a Chemisch-technische Bibliothek  |v 239 
650 0 7 |a papierenský priemysel  |2 SVKKKPH 
655 7 |a príručky  |2 SVKKKPH 
830 0 |a Chemisch-technische Bibliothek  |v 239 
910 |a svkkk 
998 |a BK 
090 |g SCKHL  |k Sklad Pribinova prízemie  |a I.6264  |j 106011  |i 2720334590  |s Prezenčne